[Event "Württemberg 1-Hessen 1"]
[Site "Dresden"]
[Date "2008.11.16"]
[Round "5.2"]
[White "Strunski, Andreas"]
[Black "Sergin, Mark"]
[Result "1-0"]
[WhiteElo "2253"]
[BlackElo "2168"]
[PlyCount "103"]
[EventDate "2008.??.??"]
[WhiteTeam "Württemberg 1"]
[BlackTeam "Hessen 1"]

1. d4 Nf6 2. c4 e6 3. Nc3 Bb4 4. Qc2 O-O 5. Bg5 d5 6. a3 Bxc3+ 7. Qxc3 Nbd7 8.
e3 h6 9. Bh4 dxc4 10. Bxc4 c6 11. Nf3 b5 12. Bd3 Qb6 13. b4 a5 14. O-O Bb7 15.
Bg3 Ra6 16. Nd2 Rfa8 17. e4 Qd8 18. f3 Nb6 19. Nb3 axb4 20. axb4 Na4 21. Qc2
Qe7 22. Qd2 Rd8 23. Rfd1 Ne8 24. Rdc1 Nf6 25. Bf2 Raa8 26. Na5 Rac8 27. Qe1 Ba8
28. Bf1 Kh8 29. Ra2 Qd7 30. Rac2 Kg8 31. Kh1 Nh5 32. Be3 Nf6 33. Nb3 Qe7 34.
Bxb5 Nb6 35. Bf1 Rb8 36. Nc5 e5 37. Rd1 Nbd7 38. Nd3 Nh5 39. Rcd2 exd4 40. Bxd4
Re8 41. Nc5 Nf8 42. Bc3 Qg5 43. Qf2 Bb7 44. Rd6 Bc8 45. Rxc6 Ng6 46. Rc7 Qf4
47. Ra7 Ne5 48. Qd2 Qf6 49. Qd6 Rb6 50. Qxf6 Nxf6 51. Bxe5 Rxe5 52. Rd8+ 1-0

[Event "Württemberg 1-Hessen 1"]
[Site "Dresden"]
[Date "2008.11.16"]
[Round "5.3"]
[White "Rafiee, Makan"]
[Black "Pogan, Nikolas"]
[Result "0-1"]
[WhiteElo "2111"]
[BlackElo "2073"]
[PlyCount "118"]
[EventDate "2008.??.??"]
[WhiteTeam "Hessen 1"]
[BlackTeam "Württemberg 1"]

1. e4 c6 2. Nf3 d5 3. exd5 cxd5 4. Ne5 Nd7 5. d4 Ngf6 6. Bd3 e6 7. Qe2 Qb6 8.
c3 g6 9. O-O Bg7 10. f4 O-O 11. Nd2 Ne8 12. Kh1 f6 13. Nef3 f5 14. a4 a5 15. b3
Nef6 16. Ba3 Re8 17. Ne5 Nxe5 18. fxe5 Nd7 19. Rab1 Nf8 20. g4 Bd7 21. gxf5
exf5 22. Nf3 Ne6 23. Qf2 Rac8 24. c4 Bc6 25. c5 Qd8 26. Rg1 b6 27. cxb6 Qxb6
28. Bd6 Bb7 29. b4 axb4 30. Rxb4 Qa7 31. Rgb1 Ba8 32. Rb6 Rc3 33. Qd2 Rc6 34.
a5 Rec8 35. Bb8 Qe7 36. R6b3 Qf8 37. Bd6 Qd8 38. a6 Bf8 39. Bb8 Rc4 40. Ba7
R4c6 41. Bb6 Qe7 42. Ba5 Qa7 43. Rb6 Nc7 44. Rxc6 Bxc6 45. Rb6 Na8 46. Rb1 Nc7
47. Bb6 Qa8 48. Qa5 Ne6 49. Nd2 f4 50. Be2 Ng5 51. Kg1 Bd7 52. Bd3 Ne4 53. Bxe4
dxe4 54. Qa2+ Kh8 55. d5 Bf5 56. Bd4 e3 57. e6+ Bg7 58. Bxg7+ Kxg7 59. Rb7+ Kh6
0-1

[Event "Württemberg 1-Hessen 1"]
[Site "Dresden"]
[Date "2008.11.16"]
[Round "5.4"]
[White "Erben, Larissa"]
[Black "Göbel, Constantin"]
[Result "1-0"]
[WhiteElo "1931"]
[BlackElo "1896"]
[PlyCount "126"]
[EventDate "2008.??.??"]
[WhiteTeam "Württemberg 1"]
[BlackTeam "Hessen 1"]

1. e4 c5 2. Nf3 Nc6 3. d4 cxd4 4. Nxd4 e5 5. Nb5 d6 6. N1c3 a6 7. Na3 b5 8. Nd5
Nce7 9. c4 Nxd5 10. exd5 bxc4 11. Nxc4 Nf6 12. Be3 Rb8 13. Be2 Be7 14. a4 O-O
15. O-O Bb7 16. Nb6 Nd7 17. a5 f5 18. f3 Nxb6 19. Bxb6 Qd7 20. Qb3 Bd8 21. Rfc1
Kh8 22. Rc2 Qf7 23. Bc4 Bg5 24. Qd3 Rfc8 25. Ra3 Ra8 26. Rac3 Re8 27. Re2 Qg6
28. Bb3 Bc8 29. Ba4 e4 30. Qc2 Rf8 31. Bc6 Rb8 32. Qa4 exf3 33. Rxf3 f4 34. Bd7
Qb1+ 35. Rf1 Qd3 36. Re8 Rxe8 37. Bxe8 Qxd5 38. Rd1 Qe6 39. Bc6 Qe7 40. Qa3 Bg4
41. Bf3 Bxf3 42. Qxf3 Re8 43. Qd3 Qb7 44. Qxd6 h6 45. Qd7 Re1+ 46. Kf2 Bh4+ 47.
g3 fxg3+ 48. hxg3 Qe4 49. Rxe1 Bxg3+ 50. Kxg3 Qxe1+ 51. Kf3 Qh1+ 52. Kf4 Qh2+
53. Ke4 Qg2+ 54. Kd3 Qf1+ 55. Kc3 Qf3+ 56. Qd3 Qc6+ 57. Kb4 Qb7 58. Kc5 Qc8+
59. Kd6 Qb8+ 60. Ke7 Qb7+ 61. Ke8 Qc8+ 62. Ke7 Qb7+ 63. Qd7 Qe4+ 1-0

[Event "Württemberg 1-Hessen 1"]
[Site "Dresden"]
[Date "2008.11.16"]
[Round "5.5"]
[White "Wagner, Dennis"]
[Black "Xu, Xianliang"]
[Result "1-0"]
[WhiteElo "1874"]
[BlackElo "1846"]
[PlyCount "113"]
[EventDate "2008.??.??"]
[WhiteTeam "Hessen 1"]
[BlackTeam "Württemberg 1"]

1. e4 d5 2. exd5 Qxd5 3. Nc3 Qa5 4. d4 c6 5. Nf3 Bf5 6. Bc4 e6 7. Bd2 Nf6 8.
Nd5 Qd8 9. Nxf6+ Qxf6 10. Qe2 Bg4 11. O-O-O Nd7 12. d5 Bxf3 13. gxf3 cxd5 14.
Bxd5 O-O-O 15. Be4 Qe5 16. Kb1 Qc7 17. Qb5 Qb6 18. Qc4+ Qc7 19. Qa4 Bc5 20. Bf4
Qb6 21. Qc4 e5 22. Be3 Kb8 23. Rxd7 Rxd7 24. Qxc5 Qxc5 25. Bxc5 Rhd8 26. Kc1 g6
27. Re1 b6 28. Ba3 Rd4 29. Be7 Rc8 30. Bf6 Re8 31. f4 Kc8 32. fxe5 Re6 33. Bg2
Kc7 34. Bh3 Re8 35. e6 Rd5 36. Be5+ Kd8 37. exf7 Rf8 38. Be6 Rxe5 39. Rxe5 Ke7
40. Bb3+ Kd7 41. Re8 Rxe8 42. Ba4+ Kd6 43. fxe8=Q b5 44. Bxb5 a6 45. Qd7+ Ke5
46. Bxa6 h5 47. Kd2 g5 48. Ke3 g4 49. Bc8 Kf6 50. Kf4 g3 51. Qe6+ Kg7 52. Qe7+
Kg8 53. Be6+ Kh8 54. Bf5 Kg8 55. Bg6 g2 56. Qf7+ Kh8 57. Qf8# 1-0

[Event "Württemberg 1-Hessen 1"]
[Site "Dresden"]
[Date "2008.11.16"]
[Round "5.6"]
[White "Stitterich, Nadine"]
[Black "Tran, My Linh"]
[Result "1-0"]
[WhiteElo "1867"]
[BlackElo "1791"]
[PlyCount "51"]
[EventDate "2008.??.??"]
[WhiteTeam "Württemberg 1"]
[BlackTeam "Hessen 1"]

1. e4 e5 2. Nf3 Nc6 3. Bb5 f5 4. Nc3 fxe4 5. Nxe4 d5 6. Ng3 Bg4 7. h3 Bxf3 8.
Qxf3 Nf6 9. d3 Qd6 10. O-O a6 11. Nf5 Qe6 12. Bxc6+ Qxc6 13. Re1 O-O-O 14. Rxe5
Bd6 15. Re2 Rdf8 16. Nd4 Qb6 17. Ne6 Rf7 18. b3 Re8 19. Qf5 Kb8 20. Be3 Qc6 21.
Nd4 Qc3 22. Rae1 Rfe7 23. Qf3 Bb4 24. Kf1 Re5 25. g3 R5e7 26. Nf5 1-0

[Event "Berlin-Nordrhein-Westfalen"]
[Site "Dresden"]
[Date "2008.11.16"]
[Round "5.3"]
[White "Tkachuk, Konstantyn"]
[Black "Kachibadze, Georg"]
[Result "1-0"]
[WhiteElo "2137"]
[BlackElo "2079"]
[PlyCount "119"]
[EventDate "2008.??.??"]
[WhiteTeam "Nordrhein-Westfalen"]
[BlackTeam "Berlin"]

1. e4 c5 2. Nf3 Nc6 3. d4 cxd4 4. Nxd4 Nf6 5. Nc3 g6 6. Nxc6 bxc6 7. e5 Ng8 8.
Bc4 Bg7 9. Qf3 f5 10. Qe2 Qa5 11. f4 e6 12. O-O Ne7 13. a3 Nd5 14. Nxd5 cxd5
15. b4 Qc7 16. Bd3 d6 17. Bb2 Qb6+ 18. Kh1 O-O 19. Rac1 Bd7 20. c4 dxc4 21.
Rxc4 Bb5 22. Bd4 Qb7 23. Rc3 Bxd3 24. Rxd3 Qe4 25. Qd1 dxe5 26. fxe5 Rfd8 27.
Re1 Qd5 28. Ree3 f4 29. Rf3 Qe4 30. Bc5 Re8 31. Rd4 Qxe5 32. Rdxf4 Rad8 33. Qg1
a6 34. Rf7 Qe2 35. Re3 Qg4 36. h3 Qg5 37. Qf1 Qh5 38. Ref3 Qg5 39. Qxa6 Qc1+
40. Rf1 Rd1 41. Rxd1 Qxd1+ 42. Rf1 Qd5 43. Qd6 Qc4 44. Qf4 Qxf4 45. Rxf4 e5 46.
Rf1 e4 47. Kg1 Ra8 48. b5 Bb2 49. Rb1 Bxa3 50. Bxa3 Rxa3 51. b6 Ra8 52. b7 Rb8
53. Kf2 Kf7 54. Ke3 Ke6 55. Kxe4 Kd6 56. Kf4 Ke6 57. Kg5 Kf7 58. Kh6 Kg8 59.
Rb2 Kh8 60. Rc2 1-0

[Event "Berlin-Nordrhein-Westfalen"]
[Site "Dresden"]
[Date "2008.11.16"]
[Round "5.5"]
[White "Blübaum, Johanna"]
[Black "Moritz, Aron"]
[Result "0-1"]
[WhiteElo "1985"]
[BlackElo "1764"]
[PlyCount "108"]
[EventDate "2008.??.??"]
[WhiteTeam "Nordrhein-Westfalen"]
[BlackTeam "Berlin"]

1. d4 d5 2. c4 e6 3. Nc3 Nf6 4. cxd5 exd5 5. Bg5 Nbd7 6. e3 c6 7. Bd3 Be7 8.
Nge2 O-O 9. Qc2 Re8 10. O-O Nf8 11. f3 Be6 12. e4 dxe4 13. fxe4 Ng4 14. Bxe7
Qxe7 15. Rf3 f6 16. h3 Nh6 17. Rd1 Rad8 18. d5 cxd5 19. exd5 Qc5+ 20. Kh1 Bf7
21. Nf4 Rc8 22. Qb1 Kh8 23. Ne4 Qb6 24. Bc2 Red8 25. Rb3 Qc7 26. Ne6 Nxe6 27.
dxe6 Bxe6 28. Rc3 Qe5 29. Rxc8 Rxc8 30. Nd6 Rd8 31. Nxb7 Rxd1+ 32. Qxd1 Qxb2
33. Bb3 Bxb3 34. axb3 g6 35. Na5 Nf5 36. Nc6 Qxg2+ 37. Kxg2 Ne3+ 38. Kf3 Nxd1
39. Nd4 Nc3 40. Nc6 Nb5 41. Ke4 f5+ 42. Kd5 Kg7 43. Kc5 f4 44. Ne5 a6 45. Nf3
Kf6 46. Kb6 g5 47. Kxa6 Nd6 48. Kb6 h5 49. Kc6 Nc8 50. Kd5 g4 51. hxg4 hxg4 52.
Nd2 Kf5 53. b4 f3 54. Kd4 Kf4 0-1

[Event "Berlin-Nordrhein-Westfalen"]
[Site "Dresden"]
[Date "2008.11.16"]
[Round "5.6"]
[White "Nekrasova, Kateryna"]
[Black "Blübaum, Matthias"]
[Result "0-1"]
[WhiteElo "1721"]
[BlackElo "1992"]
[PlyCount "110"]
[EventDate "2008.??.??"]
[WhiteTeam "Berlin"]
[BlackTeam "Nordrhein-Westfalen"]

1. e4 e6 2. d4 d5 3. exd5 exd5 4. Bd3 Nc6 5. c3 Bd6 6. Ne2 Nge7 7. Bf4 Bg4 8.
f3 Bf5 9. Qc2 Bxd3 10. Qxd3 Bxf4 11. Nxf4 Qd6 12. Ne2 O-O 13. Nd2 Ng6 14. O-O
Rae8 15. Rfe1 Re6 16. Ng3 Rfe8 17. Rxe6 Qxe6 18. Ndf1 a6 19. Kf2 Na5 20. b3 Nc6
21. Qd2 Nh4 22. Re1 Qxe1+ 23. Qxe1 Rxe1 24. Kxe1 Nxg2+ 25. Kf2 Nf4 26. Ke3 Ne6
27. Nd2 Ne7 28. f4 g6 29. Nf3 f6 30. h3 Kf7 31. Nd2 b6 32. c4 c5 33. dxc5 Nxc5
34. Kd4 Ne6+ 35. Ke3 dxc4 36. bxc4 f5 37. Nb3 Nc6 38. a3 Ke7 39. Ne2 Kd6 40.
Nc3 Ne7 41. a4 Nc5 42. Nd4 Nc6 43. Nf3 Nd7 44. Nd5 Kc5 45. Nd2 Na5 46. Nc7
Nxc4+ 47. Nxc4 Kxc4 48. Nxa6 Kb3 49. Kd4 Kxa4 50. Kd5 Nf6+ 51. Ke6 Nh5 52. Ke5
b5 53. Nc5+ Ka3 54. Nd3 b4 55. Kd4 b3 0-1

[Event "Berlin-Nordrhein-Westfalen"]
[Site "Dresden"]
[Date "2008.11.16"]
[Round "5.7"]
[White "Strößner, Lena"]
[Black "Kostré, Margarita"]
[Result "1-0"]
[WhiteElo "1894"]
[BlackElo "1631"]
[PlyCount "79"]
[EventDate "2008.??.??"]
[WhiteTeam "Nordrhein-Westfalen"]
[BlackTeam "Berlin"]

1. Nf3 Nf6 2. c4 g6 3. d4 Bg7 4. Nc3 O-O 5. Bf4 d6 6. h3 Nc6 7. e3 Re8 8. Be2
Nd7 9. O-O e5 10. Bh2 exd4 11. exd4 Nf6 12. Rc1 Ne4 13. Nd5 Be6 14. Ne3 Bd7 15.
Re1 Ne7 16. Bd3 Nf5 17. Nxf5 Bxf5 18. Qc2 d5 19. cxd5 Qxd5 20. Be5 Nd6 21. Bxf5
Nxf5 22. Bxg7 Kxg7 23. Qxc7 Rac8 24. Rxe8 Rxc7 25. Rxc7 Qxa2 26. Ne5 Nd6 27.
Ree7 Kf6 28. Nxf7 Nxf7 29. Rxf7+ Qxf7 30. Rxf7+ Kxf7 31. f4 Ke6 32. Kf2 a5 33.
Ke3 Kd5 34. g4 b5 35. f5 gxf5 36. gxf5 a4 37. Kd3 b4 38. h4 h5 39. Kc2 Kd6 40.
Kd2 1-0

[Event "Niedersachsen-Rheinland-Pfalz"]
[Site "Dresden"]
[Date "2008.11.16"]
[Round "5.2"]
[White "Holloway, Timo"]
[Black "Dann, Matthias"]
[Result "0-1"]
[WhiteElo "2184"]
[BlackElo "2233"]
[PlyCount "116"]
[EventDate "2008.??.??"]
[WhiteTeam "Niedersachsen"]
[BlackTeam "Rheinland-Pfalz"]

1. e4 c5 2. Nf3 d6 3. d4 Nf6 4. Nc3 cxd4 5. Nxd4 a6 6. Be3 Ng4 7. Bg5 h6 8. Bh4
g5 9. Bg3 Bg7 10. Be2 h5 11. Bxg4 hxg4 12. O-O Nc6 13. Nf5 Bxc3 14. bxc3 f6 15.
Qxg4 Ne5 16. Bxe5 dxe5 17. Rfd1 Qc7 18. Rd3 Kf7 19. Rh3 Be6 20. Rd1 Rag8 21.
Qg3 Rd8 22. Rxd8 Qxd8 23. Qd3 Qxd3 24. Rxd3 Bxf5 25. exf5 Rh4 26. Kf1 Ra4 27.
c4 Rxa2 28. Rc3 Ke8 29. Ke2 Kd7 30. Kd3 Ra1 31. Rb3 Kc7 32. Ke4 Rd1 33. c3 Kc6
34. c5 Rd7 35. g3 Kxc5 36. Rb4 b5 37. f4 exf4 38. gxf4 Rd2 39. fxg5 fxg5 40.
Ke3 Rxh2 41. Re4 Rh7 42. Kd3 a5 43. Re5+ Kc6 44. Re6+ Kd5 45. Rg6 Rh3+ 46. Kc2
Rg3 47. Rb6 Kc5 48. Re6 Rf3 49. Re5+ Kc4 50. Re4+ Kd5 51. Rxe7 Rxf5 52. Kb3 Re5
53. Ra7 a4+ 54. Kb4 Ke4 55. c4 bxc4 56. Kxc4 g4 57. Rxa4 g3 58. Kc3+ Kf3 0-1

[Event "Niedersachsen-Rheinland-Pfalz"]
[Site "Dresden"]
[Date "2008.11.16"]
[Round "5.5"]
[White "Voss, Chantal"]
[Black "Schulze, Dorothee"]
[Result "1/2-1/2"]
[WhiteElo "1828"]
[BlackElo "1868"]
[PlyCount "114"]
[EventDate "2008.??.??"]
[WhiteTeam "Rheinland-Pfalz"]
[BlackTeam "Niedersachsen"]

1. d4 Nf6 2. c4 g6 3. Nc3 Bg7 4. e4 d6 5. Nf3 O-O 6. Be2 c5 7. O-O cxd4 8. Nxd4
Nc6 9. Be3 Qd7 10. f3 b6 11. Qd2 Ba6 12. Rac1 Rac8 13. Ncb5 Nxd4 14. Nxd4 Rfd8
15. b4 Ne8 16. Rfd1 Nc7 17. Qd3 Ra8 18. Qa3 Rdc8 19. Nb3 Qe8 20. Bd4 Bh6 21.
Rc2 Qf8 22. Qa4 Qe8 23. Qxe8+ Rxe8 24. a4 Ne6 25. Bf2 Bg7 26. a5 Rab8 27. Ra2
bxa5 28. Nxa5 Rxb4 29. Nc6 Rb2 30. Rxb2 Bxb2 31. Bxa7 Bc3 32. Rb1 Kf8 33. Rb6
Bc8 34. Rb3 Bf6 35. Be3 Bd7 36. Na7 Nd4 37. Rb7 Nxe2+ 38. Kf2 Be6 39. Kxe2
Bxc4+ 40. Kf2 Ba6 41. Rb6 Bc4 42. g3 Kg7 43. Nc6 Rc8 44. f4 Kf8 45. e5 dxe5 46.
Nxe5 Be6 47. Rb7 Rc2+ 48. Kg1 Rg2+ 49. Kxg2 Bd5+ 50. Kf2 Bxb7 51. Nd7+ Kg7 52.
Nxf6 Kxf6 53. g4 Ke6 54. Kg3 Kd5 55. g5 Ke4 56. Kf2 Bc8 57. Bc1 e5 1/2-1/2

[Event "Niedersachsen-Rheinland-Pfalz"]
[Site "Dresden"]
[Date "2008.11.16"]
[Round "5.6"]
[White "Kyas, Philipp"]
[Black "Grzeca, Pascal"]
[Result "1-0"]
[WhiteElo "1893"]
[BlackElo "1869"]
[PlyCount "69"]
[EventDate "2008.??.??"]
[WhiteTeam "Niedersachsen"]
[BlackTeam "Rheinland-Pfalz"]

1. d4 Nf6 2. c4 e6 3. Nf3 b6 4. g3 Bb7 5. Bg2 Bb4+ 6. Bd2 Be7 7. O-O O-O 8. Nc3
Ne4 9. Qc2 f5 10. Rac1 d6 11. d5 Nxd2 12. Nxd2 e5 13. e4 f4 14. gxf4 Rxf4 15.
Ne2 Rg4 16. Ng3 Bc8 17. f3 Rg6 18. Nf5 Bg5 19. Kh1 Bf4 20. Rf2 Bxf5 21. exf5
Qh4 22. Nf1 Rh6 23. Qa4 Nd7 24. Rcc2 Nc5 25. Qc6 Rc8 26. h3 Nd3 27. Rfe2 Bg3
28. Qd7 Rf8 29. Nxg3 Qxg3 30. Rcd2 Nf4 31. Bf1 Nxe2 32. Rxe2 Qxf3+ 33. Rg2
Qxf1+ 34. Kh2 Qxf5 35. Qxg7# 1-0

[Event "Niedersachsen-Rheinland-Pfalz"]
[Site "Dresden"]
[Date "2008.11.16"]
[Round "5.7"]
[White "Stahnecker, Ludwig"]
[Black "Dorn, Carina"]
[Result "1/2-1/2"]
[WhiteElo "1783"]
[BlackElo "1785"]
[PlyCount "101"]
[EventDate "2008.??.??"]
[WhiteTeam "Rheinland-Pfalz"]
[BlackTeam "Niedersachsen"]

1. e4 e6 2. d4 d5 3. Nc3 Bb4 4. e5 Qd7 5. f4 b6 6. Nf3 Ba6 7. Bxa6 Nxa6 8. O-O
Ne7 9. Qd3 Nb8 10. Ne2 Nf5 11. b3 O-O 12. g4 Nh6 13. f5 exf5 14. g5 Ng4 15. h3
h5 16. hxg4 hxg4 17. Nh4 g6 18. c4 c5 19. a3 Ba5 20. dxc5 bxc5 21. cxd5 Bb6 22.
Qc4 Qe7 23. e6 Kh7 24. Rf2 Bc7 25. exf7 Rxf7 26. Bf4 Bxf4 27. Qxf4 Nd7 28. Ng2
Qe5 29. Qxe5 Nxe5 30. Ngf4 Nf3+ 31. Kg2 Nxg5 32. Nc3 Rb8 33. Rb1 Rfb7 34. Rfb2
Re7 35. b4 cxb4 36. Rxb4 Rc8 37. Nce2 Kg7 38. Nd4 Kf6 39. Nc6 Re3 40. R1b3 Rxb3
41. Rxb3 Rc7 42. Rb8 Nf7 43. Ra8 g5 44. Nd3 Rd7 45. Ndb4 Ne5 46. Rxa7 Rxa7 47.
Nxa7 Nc4 48. a4 Ke5 49. Nac6+ Kd6 50. Kf2 Nb6 51. a5 1/2-1/2

[Event "Baden-Bayern"]
[Site "Dresden"]
[Date "2008.11.16"]
[Round "5.1"]
[White "Berchtenbreiter, Maximilian"]
[Black "Schlötzer, Waldemar"]
[Result "0-1"]
[WhiteElo "2137"]
[BlackElo "2228"]
[PlyCount "68"]
[EventDate "2008.??.??"]
[WhiteTeam "Bayern"]
[BlackTeam "Baden"]

1. Nf3 Nf6 2. c4 e6 3. d4 d5 4. Nc3 Be7 5. Bg5 O-O 6. e3 h6 7. Bh4 Ne4 8. Bxe7
Qxe7 9. Qc2 c6 10. Nxe4 dxe4 11. Ne5 f6 12. Ng6 Qb4+ 13. Qd2 Qxd2+ 14. Kxd2 Rd8
15. Be2 c5 16. Kc3 cxd4+ 17. exd4 Nc6 18. Rhd1 b6 19. b4 Kh7 20. Bh5 a6 21. Nf4
Ne7 22. Bf7 Rd6 23. d5 a5 24. dxe6 axb4+ 25. Kb2 Rc6 26. Rd8 Ra7 27. Be8 Rxc4
28. Bd7 Rac7 29. Bxc8 Rc2+ 30. Kb3 R7c3+ 31. Ka4 Nxc8 32. Nd5 Rc5 33. f3 Rb2
34. Nxf6+ gxf6 0-1

[Event "Baden-Bayern"]
[Site "Dresden"]
[Date "2008.11.16"]
[Round "5.2"]
[White "Frey, Alisa"]
[Black "Billing, Christian"]
[Result "1/2-1/2"]
[WhiteElo "2026"]
[BlackElo "2191"]
[PlyCount "72"]
[EventDate "2008.??.??"]
[WhiteTeam "Baden"]
[BlackTeam "Bayern"]

1. d4 d5 2. c4 e6 3. Nc3 Nf6 4. cxd5 exd5 5. Bg5 Nbd7 6. e3 Be7 7. Bd3 O-O 8.
Qc2 Re8 9. Nf3 c6 10. O-O Nf8 11. h3 Ng6 12. Rab1 Bd6 13. b4 h6 14. Bxf6 Qxf6
15. e4 dxe4 16. Nxe4 Qf4 17. Nxd6 Qxd6 18. b5 Nf4 19. Be4 Bd7 20. bxc6 Bxc6 21.
Bxc6 bxc6 22. Rb7 Re6 23. Qc4 {(=)} Qd5 24. Qxd5 cxd5 25. Rfb1 Re2 26. R1b2 Rc8
27. Rxe2 Nxe2+ 28. Kf1 Nf4 29. Rxa7 {(=)} Rc1+ 30. Ne1 Nd3 31. Re7 Ra1 32. Re3
Nb4 33. Ke2 Rxa2+ 34. Kf3 Rd2 35. Re8+ Kh7 36. Ke3 Ra2 1/2-1/2

[Event "Baden-Bayern"]
[Site "Dresden"]
[Date "2008.11.16"]
[Round "5.3"]
[White "Nuber, Blasius"]
[Black "Tiemann, Christoph"]
[Result "0-1"]
[WhiteElo "2094"]
[BlackElo "2022"]
[PlyCount "62"]
[EventDate "2008.??.??"]
[WhiteTeam "Bayern"]
[BlackTeam "Baden"]

1. e4 c5 2. d3 Nc6 3. Be3 d6 4. Nc3 Nf6 5. Nf3 g6 6. g3 Bg7 7. h3 e5 8. Bg2 O-O
9. O-O h6 10. Qd2 Kh7 11. Nh2 Be6 12. f4 exf4 13. Bxf4 Nh5 14. Ng4 g5 15. Be3
Nxg3 16. Rf3 f5 17. Rxg3 f4 18. Bxf4 gxf4 19. Rf3 Bxg4 20. hxg4 Bd4+ 21. Kf1
Qg5 22. Nd5 Be3 23. Qd1 Ne5 24. Bh3 Nxg4 25. Ke2 Ne5 26. Qh1 Nxf3 27. Qxf3 Rg8
28. Rh1 Kh8 29. Bg4 Rg7 30. Rh5 Qg6 31. Qh3 Qxg4+ 0-1

[Event "Baden-Bayern"]
[Site "Dresden"]
[Date "2008.11.16"]
[Round "5.4"]
[White "Sarchisov, Slavik"]
[Black "Nuber, Helene"]
[Result "1/2-1/2"]
[WhiteElo "2016"]
[BlackElo "2012"]
[PlyCount "100"]
[EventDate "2008.??.??"]
[WhiteTeam "Baden"]
[BlackTeam "Bayern"]

1. e4 e6 2. d4 d5 3. Nc3 dxe4 4. Nxe4 Nd7 5. Ne2 Ngf6 6. N2g3 Be7 7. Bc4 O-O 8.
O-O Nxe4 9. Nxe4 Nf6 10. Nxf6+ Bxf6 11. c3 a6 12. Qf3 Rb8 13. Bf4 Bg5 14. Be5
Bf6 15. Qg3 Bxe5 16. Qxe5 b5 17. Bd3 Qd6 18. Rfe1 Bb7 19. Re3 g6 20. Bf1 Rfd8
21. a3 Qxe5 22. Rxe5 Bd5 23. b4 c6 24. a4 Ra8 25. a5 f6 26. Re3 Kf7 27. Rae1
Re8 28. g3 Ra7 29. f4 h5 30. Bg2 Raa8 31. Bh3 Rad8 32. Bg2 Ra8 33. Kf2 Rad8 34.
Bf3 Bxf3 35. Kxf3 Rd6 36. h3 Rh8 37. Ke2 Ke7 38. Kd3 Kf7 39. R1e2 Rhd8 40. Re1
Rh8 41. Ke2 Rdd8 42. Kf3 Rd6 43. Kg2 Re8 44. g4 Rd5 45. Kg3 g5 46. f5 h4+ 47.
Kf3 e5 48. R1e2 Kg7 49. Kf2 Kf7 50. Re4 Kg7 1/2-1/2

[Event "Baden-Bayern"]
[Site "Dresden"]
[Date "2008.11.16"]
[Round "5.5"]
[White "Anker, Christin"]
[Black "Ohnmacht, Simon"]
[Result "1/2-1/2"]
[WhiteElo "1799"]
[BlackElo "1792"]
[PlyCount "41"]
[EventDate "2008.??.??"]
[WhiteTeam "Bayern"]
[BlackTeam "Baden"]

1. e4 c5 2. Nf3 Nc6 3. d4 cxd4 4. Nxd4 e5 5. Nb5 d6 6. N1c3 a6 7. Na3 b5 8. Nd5
Nf6 9. Bg5 Be7 10. Bxf6 Bxf6 11. c3 Ne7 12. Nxf6+ gxf6 13. c4 bxc4 14. Bxc4 f5
15. f3 fxe4 16. fxe4 Qa5+ 17. Kf1 Qb6 18. Bb3 Bd7 19. Qf3 O-O 20. h4 Ng6 21. h5
1/2-1/2

[Event "Baden-Bayern"]
[Site "Dresden"]
[Date "2008.11.16"]
[Round "5.6"]
[White "Kohm, Vanessa"]
[Black "Pfadenhauer, Johannes"]
[Result "0-1"]
[WhiteElo "1762"]
[BlackElo "1678"]
[PlyCount "96"]
[EventDate "2008.??.??"]
[WhiteTeam "Baden"]
[BlackTeam "Bayern"]

1. d4 d5 2. c4 e6 3. Nf3 Nf6 4. Nc3 c6 5. e3 Bd6 6. Bd2 Nbd7 7. Be2 O-O 8. O-O
Qe7 9. Qc2 b6 10. Rfc1 Bb7 11. a3 Rac8 12. b4 c5 13. bxc5 bxc5 14. cxd5 cxd4
15. Nxd4 Nxd5 16. Rcb1 N7b6 17. Ndb5 Be5 18. Qb3 Qf6 19. Rc1 Nxc3 20. Bxc3 Qg5
21. g3 Bd5 22. Qb2 Na4 23. Qb4 Nxc3 24. Nxc3 Rb8 25. Qa5 Bxc3 26. Qxc3 Rb3 27.
Qd4 h6 28. Rc7 Qg6 29. f3 Rfb8 30. e4 Rb2 31. Rc8+ Rxc8 32. Qxb2 Ba8 33. Ba6
Rd8 34. Rc1 Qg5 35. Rc2 Kh7 36. Kf2 Qa5 37. Be2 Rd7 38. Qb5 Qd8 39. Qc5 Bb7 40.
Ke3 Kg8 41. Bb5 Re7 42. Rd2 Qf8 43. Qxa7 Bxe4 44. Qa5 Bd5 45. Qb6 Rb7 46. Qd4
Rxb5 47. Rd3 Qc5 48. Qxc5 Rxc5 0-1

[Event "Sachsen 1-Sachsen Anhalt"]
[Site "Dresden"]
[Date "2008.11.16"]
[Round "5.2"]
[White "Schulz, Anja"]
[Black "Hofmann, Annett"]
[Result "1-0"]
[WhiteElo "2033"]
[BlackElo "1960"]
[PlyCount "67"]
[EventDate "2008.??.??"]
[WhiteTeam "Sachsen 1"]
[BlackTeam "Sachsen Anhalt"]

1. e4 c5 2. Nf3 d6 3. d4 cxd4 4. Nxd4 Nf6 5. Nc3 a6 6. Be3 e6 7. f3 Nbd7 8. Qd2
b5 9. g4 h6 10. h4 Bb7 11. Rg1 Nc5 12. g5 hxg5 13. hxg5 Nfd7 14. a3 Ne5 15.
O-O-O d5 16. exd5 Bxd5 17. Nxd5 Qxd5 18. f4 Qa2 19. Qg2 Rc8 20. fxe5 Na4 21. g6
f5 22. exf6 Qxb2+ 23. Kd2 e5 24. f7+ Kd7 25. Qb7+ Rc7 26. Qd5+ Kc8 27. Qe6+ Rd7
28. Qxa6+ Kc7 29. Qc6+ Kd8 30. Bd3 exd4 31. Bg5+ Be7 32. Bxe7+ Rxe7 33. Qd6+
Kc8 34. Bf5+ 1-0

[Event "Sachsen 1-Sachsen Anhalt"]
[Site "Dresden"]
[Date "2008.11.16"]
[Round "5.6"]
[White "Peil, Christoph"]
[Black "Nieber, Alexander"]
[Result "1-0"]
[WhiteElo "1801"]
[BlackElo "1824"]
[PlyCount "59"]
[EventDate "2008.??.??"]
[WhiteTeam "Sachsen 1"]
[BlackTeam "Sachsen Anhalt"]

1. e4 c5 2. Nf3 e6 3. d4 cxd4 4. Nxd4 a6 5. Bd3 Qc7 6. Be3 Nf6 7. O-O b5 8. Nd2
Bb7 9. f4 d5 10. e5 Ne4 11. N2b3 Nd7 12. Qf3 Be7 13. Rae1 h5 14. Kh1 g5 15. Nd2
g4 16. Qe2 Bh4 17. Rc1 g3 18. Bxe4 dxe4 19. c4 b4 20. c5 Bc6 21. Nc4 gxh2 22.
Nd6+ Ke7 23. Qc4 Rhg8 24. N4f5+ Kf8 25. Nxh4 Rg3 26. Rfe1 Rd8 27. Nhf5 Bd5 28.
Qd4 Rg6 29. c6 Qb6 30. cxd7 1-0

[Event "Sachsen 2-Thüringen"]
[Site "Dresden"]
[Date "2008.11.16"]
[Round "5.3"]
[White "Steinacker, Alex"]
[Black "Kosovska, Olena"]
[Result "1-0"]
[WhiteElo "1771"]
[BlackElo "1772"]
[PlyCount "123"]
[EventDate "2008.??.??"]
[WhiteTeam "Thüringen"]
[BlackTeam "Sachsen 2"]

1. c4 Nf6 2. Nc3 e5 3. Nf3 Nc6 4. e3 Be7 5. Be2 O-O 6. O-O d5 7. cxd5 Nxd5 8.
d3 Be6 9. Bd2 Ndb4 10. Qb1 Bf5 11. e4 Be6 12. a3 Na6 13. b4 Nd4 14. Nxd4 Qxd4
15. Qc2 c6 16. Rad1 Bf6 17. Be3 Qd7 18. Na4 b5 19. Nc5 Nxc5 20. Qxc5 Rfd8 21.
Rc1 Rdc8 22. Rfd1 Bb3 23. Rd2 a5 24. Qc3 Qe6 25. h3 axb4 26. axb4 Ba4 27. Bg4
Qe7 28. Bxc8 Rxc8 29. Re2 Bg5 30. Qc5 Qxc5 31. Rxc5 Be7 32. Rxe5 Bxb4 33. Ra2
f6 34. Rf5 c5 35. Bd2 Kf7 36. Kf1 g6 37. Rd5 Rc7 38. Bxb4 cxb4 39. Rb2 b3 40.
Ke2 Ke6 41. Kd2 Rc6 42. f4 h6 43. g4 Ra6 44. Rc5 Rd6 45. Kc3 Kd7 46. Rd5 Rxd5
47. exd5 Kd6 48. Kd4 Kd7 49. h4 g5 50. hxg5 hxg5 51. f5 Kd6 52. Re2 b4 53. Kc4
b2 54. Rxb2 Bd1 55. Rxb4 Bxg4 56. Rb6+ Ke7 57. d6+ Kd7 58. Kd5 Bf3+ 59. Kc5 Bg4
60. Rb7+ Kc8 61. d7+ Kd8 62. Kd6 1-0

[Event "Sachsen 2-Thüringen"]
[Site "Dresden"]
[Date "2008.11.16"]
[Round "5.6"]
[White "Grunwald, Martin"]
[Black "Urban, Lars"]
[Result "0-1"]
[WhiteElo "1581"]
[BlackElo "1666"]
[PlyCount "108"]
[EventDate "2008.??.??"]
[WhiteTeam "Sachsen 2"]
[BlackTeam "Thüringen"]

1. e4 e6 2. d4 d5 3. Nd2 Nf6 4. e5 Nfd7 5. Bd3 c5 6. c3 Nc6 7. Ne2 Qb6 8. Nf3
cxd4 9. cxd4 Be7 10. a3 a5 11. Qc2 h6 12. O-O O-O 13. Be3 Qd8 14. Qd2 f5 15.
Nf4 Kf7 16. Qc2 Nb6 17. Be2 g5 18. Nd3 Kg7 19. g3 Nc4 20. Nd2 Nxe3 21. fxe3 Bd7
22. Rac1 Rc8 23. Qb1 Qe8 24. Rf2 Kh8 25. Kh1 Rf7 26. Bh5 Qg8 27. Bxf7 Qxf7 28.
Nc5 Bxc5 29. Rxc5 b6 30. Rc2 Rg8 31. Qc1 Qe8 32. Nb1 h5 33. Nc3 Ne7 34. b4 axb4
35. axb4 Rg7 36. Na2 Qg6 37. Rc7 Be8 38. Rb7 h4 39. Qf1 f4 40. gxf4 Qe4+ 41.
Qg2 Qxe3 42. fxg5 Bg6 43. Rf3 Qxd4 44. Qf2 Qe4 45. Kg1 Qb1+ 46. Qf1 Qxa2 47.
Rf8+ Kh7 48. Rh8+ Kxh8 49. Qf8+ Kh7 50. Rxe7 Qa1+ 51. Kf2 Qd4+ 52. Kf1 Bd3+ 53.
Kg2 Qg4+ 54. Kh1 Be4+ 0-1